[Event "GER-ch U14"]
[Site "Willingen"]
[Date "2021.08.26"]
[Round "5"]
[White "Honstein, Michael"]
[Black "Hecht, Jonas Christian"]
[Result "1-0"]
[WhiteElo "1810"]
[BlackElo "1948"]
[PlyCount "63"]
[EventDate "2021.08.22"]
[EventType "swiss"]
[EventRounds "9"]
[EventCountry "GER"]
[SourceTitle "EXT 2022"]
[Source "ChessBase"]
[SourceDate "2021.10.06"]
[SourceVersion "1"]
[SourceVersionDate "2021.10.06"]
[SourceQuality "1"]

1. e4 c5 2. Nf3 e6 3. d4 cxd4 4. Nxd4 Nc6 5. Nc3 Qc7 6. Be3 a6 7. Qf3 Ne5 8. Qg3 b5 9. 0-0-0 Bb7 10. Bxb5 axb5 11. Ndxb5 Qb8 12. Bb6 Nc4 13. Nc7+ Ke7 14. Qg5+ f6 15. Qc5+ Kf7 16. Rxd7+ Kg6 17. Qxc4 Bc8 18. Rd8 Qxb6 19. Rxf8 Qd6 20. Rxg8 Ba6 21. Nxa6 Rhxg8 22. Nb4 Rgc8 23. Qb3 Rcb8 24. a3 Qb6 25. Rf1 Qc5 26. Qxe6 Qg5+ 27. f4 Qxg2 28. Rd1 Rxb4 29. axb4 Ra1+ 30. Nb1 Qf3 31. f5+ Kh6 32. Qd5 1-0

[Event "GER-ch U14"]
[Site "Willingen"]
[Date "2021.08.23"]
[Round "1"]
[White "Honstein, Michael"]
[Black "Bakiev, Diyor"]
[Result "0-1"]
[WhiteElo "1810"]
[BlackElo "2119"]
[PlyCount "108"]
[EventDate "2021.08.22"]
[EventType "swiss"]
[EventRounds "9"]
[EventCountry "GER"]
[SourceTitle "EXT 2022"]
[Source "ChessBase"]
[SourceDate "2021.10.06"]
[SourceVersion "1"]
[SourceVersionDate "2021.10.06"]
[SourceQuality "1"]

1. e4 c6 2. d4 d5 3. exd5 cxd5 4. Bd3 Nc6 5. c3 Qc7 6. h3 Nf6 7. Nf3 g6 8. 0-0 Bg7 9. Be3 0-0 10. Nbd2 Bf5 11. Be2 a6 12. Qc1 b5 13. Nb3 Ne4 14. Nfd2 Na5 15. Nxe4 Nxb3 16. axb3 dxe4 17. Rd1 Bd7 18. c4 Qb7 19. c5 Bc6 20. b4 Rfd8 21. Qc3 Qc7 22. g3 Bb7 23. Rd2 Qc6 24. Bf1 Rd7 25. h4 Rad8 26. Rad1 h6 27. Bg2 Qe6 28. Kh2 Bd5 29. Ra1 Bc4 30. Bf1 Bd5 31. Bg2 Rc8 32. Qc1 f5 33. Rc2 Kh7 34. c6 Ra7 35. Bf1 Raa8 36. c7 Qd7 37. Rc5 e6 38. Rc2 Ra7 39. Rc5 Raa8 40. Rc3 Ra7 41. Rc5 Rcxc7 42. Bf4 Rc6 43. Bxb5 axb5 44. Rxa7 Qxa7 45. Rxc6 Bxc6 46. Qxc6 Qxd4 47. Be3 Qxb4 48. Qxe6 Qxb2 49. h5 Qf6 50. hxg6+ Qxg6 51. Qxg6+ Kxg6 52. Bd2 Bf8 53. Bc3 b4 54. Bb2 b3 0-1

[Event "GER-ch U12"]
[Site "Willingen"]
[Date "2019.06.13"]
[Round "7"]
[White "Honstein, Michael"]
[Black "Heinrich, John"]
[Result "0-1"]
[WhiteElo "1378"]
[BlackElo "1695"]
[PlyCount "98"]
[EventDate "2019.06.08"]
[EventType "swiss"]
[EventRounds "9"]
[EventCountry "GER"]
[SourceTitle "CBM 191 Extra"]
[Source "ChessBase"]
[SourceDate "2019.09.30"]
[SourceVersion "1"]
[SourceVersionDate "2019.09.30"]
[SourceQuality "1"]

1. e4 c5 2. Nf3 Nc6 3. d4 cxd4 4. Nxd4 e6 5. Nc3 Qc7 6. Ndb5 Qb8 7. Be3 a6 8. Nd4 Nf6 9. a3 Be7 10. Be2 Qc7 11. 0-0 0-0 12. f4 d6 13. Nxc6 Qxc6 14. Bd3 Qc7 15. Qf3 b5 16. Qh3 g6 17. Rf3 Bd7 18. Rg3 Kh8 19. Qh6 Ng8 20. Qh3 Bf6 21. Bd2 Ne7 22. Rf1 Rab8 23. f5 exf5 24. exf5 Bxf5 25. Bxf5 Nxf5 26. Rxf5 gxf5 27. Qxf5 Qc5+ 28. Qxc5 dxc5 29. Bg5 Bxg5 30. Rxg5 c4 31. Nd5 f6 32. Rf5 Rbd8 33. Rh5 Kg7 34. Kf2 Rf7 35. Kg3 Rfd7 36. Nf4 Re8 37. Kg4 Rd2 38. Rf5 Rxc2 39. Nh5+ Kh8 40. Nxf6 Rf8 41. g3 Rxb2 42. Kg5 Rxh2 43. Rd5 Rc8 44. Rd7 Rh1 45. Ng4 c3 46. Ne5 c2 47. Nf7+ Kg8 48. Nh6+ Rxh6 49. Kxh6 c1Q+ 0-1

[Event "GER-ch U12"]
[Site "Willingen"]
[Date "2019.06.10"]
[Round "3"]
[White "Honstein, Michael"]
[Black "Zweigait, Leon"]
[Result "0-1"]
[WhiteElo "1378"]
[BlackElo "1474"]
[PlyCount "42"]
[EventDate "2019.06.08"]
[EventType "swiss"]
[EventRounds "9"]
[EventCountry "GER"]
[SourceTitle "CBM 191 Extra"]
[Source "ChessBase"]
[SourceDate "2019.09.30"]
[SourceVersion "1"]
[SourceVersionDate "2019.09.30"]
[SourceQuality "1"]

1. e4 c5 2. c4 e6 3. Nc3 Nc6 4. g3 g6 5. Bg2 Bg7 6. Nge2 Nge7 7. 0-0 b6 8. d3 Bb7 9. Kh1 0-0 10. f4 f5 11. e5 d6 12. exd6 Qxd6 13. Nb5 Qd7 14. Qc2 Nb4 15. Qb3 Nxd3 16. Bxb7 Qxb7+ 17. Kg1 Qe4 18. Nec3 Bd4+ 19. Nxd4 Qxd4+ 20. Kg2 Nc6 21. Ne2 Qe4+ 0-1

[Event "GER-ch U12"]
[Site "Willingen"]
[Date "2019.06.09"]
[Round "2"]
[White "Morczynski, Joachim"]
[Black "Honstein, Michael"]
[Result "0-1"]
[WhiteElo "1733"]
[BlackElo "1378"]
[PlyCount "54"]
[EventDate "2019.06.08"]
[EventType "swiss"]
[EventRounds "9"]
[EventCountry "GER"]
[SourceTitle "CBM 191 Extra"]
[Source "ChessBase"]
[SourceDate "2019.09.30"]
[SourceVersion "1"]
[SourceVersionDate "2019.09.30"]
[SourceQuality "1"]

1. e4 c5 2. Nf3 Nc6 3. Bb5 g6 4. c3 a6 5. Ba4 b5 6. Bc2 Bg7 7. 0-0 d6 8. d4 cxd4 9. cxd4 Bg4 10. Be3 Bxf3 11. gxf3 Nf6 12. a4 b4 13. Nd2 0-0 14. Nc4 Nd7 15. a5 Rb8 16. Ba4 Na7 17. Bxd7 Qxd7 18. Nb6 Qh3 19. Qe2 Nc8 20. d5 f5 21. Ra4 fxe4 22. fxe4 Rf3 23. Nc4 Qg4+ 24. Kh1 Qxe4 25. Kg1 Qg4+ 26. Kh1 Qe4 27. Kg1 Rf4 0-1